Tetra Pak: viac ako obal

Obalová stratégia firmy Tetra Pak. Záujem zákazníkov. Ekonomické a ekologické výhody obalov. Pôsobenie Tetra Paku-Grafobal na Slovensku. Výsledky spotrebiteľského prieskumu.

Guardado en:
Detalles Bibliográficos
Formato: Capítulo de libro
Lenguaje:eslovaco
Materias:
Etiquetas: Agregar Etiqueta
Sin Etiquetas, Sea el primero en etiquetar este registro!

MARC

LEADER 00000naa a2200000 4500
001 r027171
005 20251104124540.7
041 0 |a slo 
044 |a SK 
245 1 0 |a Tetra Pak: viac ako obal 
520 |a Obalová stratégia firmy Tetra Pak. Záujem zákazníkov. Ekonomické a ekologické výhody obalov. Pôsobenie Tetra Paku-Grafobal na Slovensku. Výsledky spotrebiteľského prieskumu. 
610 2 0 |a obaly 
610 2 0 |a Tetra Pak-Grafobal, s.r.o. Bratislava 
610 2 0 |a prieskum spotrebiteľský 
610 2 0 |a znižovanie nákladov 
610 2 0 |a ekologizácia